LEADER 04098nam 2200589I 450 001 9910774599203321 005 20230508103407.0 010 $a9780472903054 010 $a0472903055 024 7 $a10.3998/mpub.12393633 035 $a(CKB)5590000001271461 035 $a(MiU)10.3998/mpub.12393633 035 $a(ODN)ODN0010390561 035 $a(ScCtBLL)9b0ccfda-4f62-42d0-a8d4-08f13762d700 035 $a(EXLCZ)995590000001271461 100 $a20230505h20232023 uy 0 101 0 $aeng 135 $aurunu|||||||| 181 $ctxt$2rdacontent 182 $cc$2rdamedia 183 $acr$2rdacarrier 200 00$aSecurity. Cooperation. Governance. $ethe Canada-United States open border paradox /$fChristian Leuprecht and Todd Hataley editors 210 1$aAnn Arbor :$cUniversity of Michigan Press,$d2023. 210 4$dİ2023 215 $a1 online resource (xvi, 209 pages) $cillustrations 300 $aTitle from eBook information screen.. 311 08$a9780472075713 311 08$a0472075713 320 $aIncludes bibliographical references and index. 330 3 $aHistorically, national borders have evolved in ways that serve the interests of central states in security and the regulation of trade. Security. Cooperation. Governance. explores Canada-US border and security policies that have evolved from successive trade agreements since the 1950s, punctuated by new and emerging challenges to security in the twenty-first century. The sectoral and geographical diversity of cross-border interdependence of what remains the world's largest bilateral trade relationship makes the US-Canada border a living laboratory for studying the interaction of trade, security, and other border policies that challenge traditional centralized approaches to national security. The book's findings show that border governance straddles multiple regional, sectoral, and security scales in ways rarely documented in such detail. These developments have precipitated an Open Border Paradox: extensive, regionally varied flows of trade and people have resulted in a series of nested but interdependent security regimes that function on different scales and vary across economic and policy sectors. These realities have given rise to regional and sectoral specialization in related security regimes. For instance, just-in-time automotive production in the Great Lakes region varies considerably from the governance of maritime and intermodal trade (and port systems) on the Atlantic and Pacific coasts, which in turn is quite different from commodity-based systems that manage diverse agricultural and food trade in the Canadian Prairies and U.S. Great Plains. The paradox of open borders and their legitimacy is a function of robust bilateral and multilevel governance based on effective partnerships with substate governments and the private sector. Effective policy accounts for regional variation in integrated binational security and trade imperatives. At the same time, binational and continental policies are embedded in each country's trade and security relationships beyond North America. 606 $aBorder security$zCanadian-American Border Region 606 $aBorder security$zUnited States 606 $aBorder security$zCanada 607 $aCanadian-American Border Region$xSecurity measures 607 $aCanadian-American Border Region$xPolitics and government 607 $aUnited States$xRelations$zCanada 607 $aCanada$xRelations$zUnited States 607 $aUnited States$xCommerce$xSecurity measures$zCanada 607 $aCanada$xCommerce$xSecurity measures$zUnited States 615 0$aBorder security 615 0$aBorder security 615 0$aBorder security 686 $aPOL000000$aPOL011000$aPOL056000$2bisacsh 700 $aLeuprecht$b Christian$01271350 702 $aLeuprecht$b Christian$f1973- 702 $aHataley$b Todd S$g(Todd Steven),$f1963- 801 0$bEYM 801 1$bEYM 906 $aBOOK 912 $a9910774599203321 996 $aSecurity. Cooperation. Governance$94403335 997 $aUNINA